[Event "DEN-chT 0910 48th"]
[Site "Denmark"]
[Date "2010.01.10"]
[Round "5.3"]
[White "Jelling, Erik"]
[Black "Olsen, Nils Linde"]
[Result "1-0"]
[WhiteElo "2365"]
[BlackElo "2256"]
[PlyCount "79"]
[EventDate "2009.11.07"]
[EventType "team-tourn"]
[EventRounds "9"]
[EventCountry "DEN"]
[SourceTitle "EXT 2023"]
[Source "ChessBase"]
[SourceDate "2022.10.05"]
[SourceVersion "1"]
[SourceVersionDate "2022.10.05"]
[SourceQuality "1"]
[WhiteTeam "Aarhus/Skolerne"]
[BlackTeam "Naestved"]
[WhiteTeamCountry "DEN"]
[BlackTeamCountry "DEN"]

1. d4 Nf6 2. Nf3 g6 3. g3 Bg7 4. Bg2 0-0 5. 0-0 d5 6. c4 c6 7. Nbd2 Re8 8. b3 a5 9. a3 Bf5 10. Nh4 Qd7 11. Nxf5 Qxf5 12. Bb2 e6 13. Rc1 Nbd7 14. e3 Rec8 15. Qe2 Ne8 16. e4 dxe4 17. Nxe4 Ndf6 18. Nc5 Rab8 19. Nd3 Rd8 20. h3 h5 21. Rfd1 Nd6 22. a4 g5 23. Ne5 g4 24. hxg4 hxg4 25. c5 Nde4 26. Nxg4 Nxg4 27. Bxe4 Qh5 28. Bf3 Qh2+ 29. Kf1 Nf6 30. Bc3 Ra8 31. Qe1 Bh6 32. Rc2 Qh3+ 33. Kg1 Ng4 34. Bg2 Qh2+ 35. Kf1 Rd5 36. Qe2 Nxf2 37. Bxd5 exd5 38. Qf3 Qh3+ 39. Kxf2 Re8 40. Re1 1-0

[Event "EU-Cup 25th"]
[Site "Ohrid"]
[Date "2009.10.08"]
[Round "5.1"]
[White "Jelling, Erik"]
[Black "Ruck, Robert"]
[Result "0-1"]
[WhiteElo "2379"]
[BlackElo "2548"]
[PlyCount "90"]
[EventDate "2009.10.04"]
[EventType "team-swiss"]
[EventRounds "7"]
[EventCountry "MKD"]
[SourceTitle "CBM 133"]
[Source "ChessBase"]
[SourceDate "2009.11.19"]
[SourceVersion "1"]
[SourceVersionDate "2009.11.19"]
[SourceQuality "1"]
[WhiteTeam "Aarhus/Skolerne"]
[BlackTeam "Pamhagen"]
[WhiteTeamCountry "DEN"]
[BlackTeamCountry "AUT"]

1. d4 Nf6 2. c4 g6 3. Nf3 Bg7 4. g3 d5 5. cxd5 Nxd5 6. Bg2 Nb6 7. Nc3 Nc6 8. e3 0-0 9. 0-0 Re8 10. Qe2 e5 11. dxe5 Nxe5 12. Nxe5 Bxe5 13. Rd1 Qe7 14. e4 c6 15. Be3 f5 16. f4 Bxc3 17. bxc3 fxe4 18. c4 Qf7 19. Rac1 Be6 20. c5 Nd5 21. Bd4 h5 22. Ba1 Kh7 23. Rd4 Bg4 24. Qb2 Bf3 25. Bf1 Re7 26. Bc4 e3 27. Re1 Rae8 28. Rd3 Qf8 29. Bxd5 Bxd5 30. Qc3 e2 31. Rd2 Re4 32. Rd4 Rxd4 33. Qxd4 Re4 34. Qc3 Rc4 35. Qe3 Qxc5 36. Qxc5 Rxc5 37. Bd4 Rc2 38. Bxa7 Rxa2 39. Bd4 Rd2 40. Bb6 Kg8 41. Kf2 Bc4 42. h3 Kf7 43. g4 Rd1 44. Ba5 b5 45. Rg1 Rf1+ 0-1

[Event "EU-Cup 25th"]
[Site "Ohrid"]
[Date "2009.10.06"]
[Round "3.1"]
[White "Moen, Andreas"]
[Black "Jelling, Erik"]
[Result "1/2-1/2"]
[WhiteElo "2317"]
[BlackElo "2379"]
[PlyCount "77"]
[EventDate "2009.10.04"]
[EventType "team-swiss"]
[EventRounds "7"]
[EventCountry "MKD"]
[SourceTitle "CBM 133"]
[Source "ChessBase"]
[SourceDate "2009.11.19"]
[SourceVersion "1"]
[SourceVersionDate "2009.11.19"]
[SourceQuality "1"]
[WhiteTeam "Oslo"]
[BlackTeam "Aarhus/Skolerne"]
[WhiteTeamCountry "NOR"]
[BlackTeamCountry "DEN"]

1. e4 c6 2. d4 d5 3. Nd2 dxe4 4. Nxe4 Bf5 5. Ng3 Bg6 6. N1e2 Nf6 7. Nf4 Nd5 8. Nxg6 hxg6 9. c4 Nf6 10. Be2 e6 11. 0-0 Qc7 12. Bf3 Be7 13. Re1 0-0 14. Be3 Nbd7 15. Ne4 Nxe4 16. Bxe4 Nf6 17. Bf3 Rad8 18. Qa4 a6 19. Rab1 Rd7 20. b4 Rfd8 21. g3 Bd6 22. Rec1 e5 23. d5 cxd5 24. cxd5 Qb8 25. b5 axb5 26. Rxb5 Bf8 27. Bb6 Rc8 28. Rd1 Bd6 29. Bg2 Re7 30. Qb3 Rce8 31. Rb1 e4 32. Be3 Ng4 33. Rxb7 Rxb7 34. Qxb7 Qxb7 35. Rxb7 Nxe3 36. fxe3 Ra8 37. Bxe4 Rxa2 38. Rb3 Kf8 39. Rc3 1/2-1/2

[Event "EU-Cup 24th"]
[Site "Kallithea"]
[Date "2008.10.22"]
[Round "6"]
[White "D'Costa, Lorin AR"]
[Black "Jelling, Erik"]
[Result "1-0"]
[WhiteElo "2411"]
[BlackElo "2382"]
[PlyCount "69"]
[EventDate "2008.10.17"]
[EventType "team-swiss"]
[EventRounds "7"]
[EventCountry "GRE"]
[SourceTitle "CBM 127"]
[Source "ChessBase"]
[SourceDate "2008.11.13"]
[SourceVersion "1"]
[SourceVersionDate "2008.11.13"]
[SourceQuality "1"]
[WhiteTeam "Barbican"]
[BlackTeam "Aarhus/Skolerne"]
[WhiteTeamCountry "ENG"]
[BlackTeamCountry "DEN"]

1. d4 f5 2. g3 Nf6 3. Bg2 g6 4. Nh3 Bg7 5. Nf4 d6 6. d5 c6 7. c4 0-0 8. h4 e5 9. dxe6 Qe7 10. h5 gxh5 11. Qc2 Bxe6 12. b3 Na6 13. Bb2 Rad8 14. Nc3 Nb4 15. Qb1 a5 16. Bf3 d5 17. cxd5 Nfxd5 18. Ncxd5 Bxd5 19. Nxd5 Nxd5 20. Rxh5 Nc3 21. Qc2 Ne4 22. Bxg7 Kxg7 23. Qc1 Rd5 24. Kf1 Nd2+ 25. Kg2 Nxf3 26. Qh6+ Kg8 27. exf3 f4 28. Rxd5 cxd5 29. g4 d4 30. Rd1 Qe5 31. Qb6 Rf6 32. Qd8+ Kg7 33. Rxd4 b6 34. Rd7+ Kh6 35. Rd5 1-0

[Event "EU-Cup 24th"]
[Site "Kallithea"]
[Date "2008.10.18"]
[Round "2"]
[White "Kekki, Petri"]
[Black "Jelling, Erik"]
[Result "1-0"]
[WhiteElo "2385"]
[BlackElo "2382"]
[PlyCount "63"]
[EventDate "2008.10.17"]
[EventType "team-swiss"]
[EventRounds "7"]
[EventCountry "GRE"]
[SourceTitle "CBM 127"]
[Source "ChessBase"]
[SourceDate "2008.11.13"]
[SourceVersion "1"]
[SourceVersionDate "2008.11.13"]
[SourceQuality "1"]
[WhiteTeam "Espoo MatSK"]
[BlackTeam "Aarhus/Skolerne"]
[WhiteTeamCountry "FIN"]
[BlackTeamCountry "DEN"]

1. d4 f5 2. Nc3 Nf6 3. Bg5 d5 4. Bxf6 exf6 5. e3 Be6 6. Qf3 Nc6 7. Bb5 Qd6 8. Nge2 0-0-0 9. Nf4 Bf7 10. Nd3 g6 11. a3 Kb8 12. b4 Ne7 13. Ba4 Nc8 14. Bb3 h5 15. 0-0 Bh6 16. a4 Rhe8 17. a5 g5 18. Nc5 f4 19. exf4 g4 20. Qd3 Bxf4 21. g3 Bh6 22. a6 b6 23. Nb7 Qxb4 24. Nxd8 Rxd8 25. Rab1 Qf8 26. Qf5 Qg7 27. Nxd5 Bxd5 28. Bxd5 Ne7 29. Qe6 Rd6 30. Qf7 Qxf7 31. Bxf7 h4 32. Rfe1 1-0

[Event "DEN-chT 0708"]
[Site "Denmark"]
[Date "2008.01.12"]
[Round "4.3"]
[White "Schandorff, Lars"]
[Black "Jelling, Erik"]
[Result "1-0"]
[WhiteElo "2525"]
[BlackElo "2398"]
[PlyCount "60"]
[EventDate "2007.11.10"]
[EventType "team-tourn"]
[EventRounds "9"]
[EventCountry "DEN"]
[SourceTitle "EXT 2023"]
[Source "ChessBase"]
[SourceDate "2022.10.05"]
[SourceVersion "1"]
[SourceVersionDate "2022.10.05"]
[SourceQuality "1"]
[WhiteTeam "Helsinge"]
[BlackTeam "Aarhus/Skolerne"]
[WhiteTeamCountry "DEN"]
[BlackTeamCountry "DEN"]

1. d4 f5 2. g3 Nf6 3. Bg2 g6 4. Nf3 Bg7 5. 0-0 0-0 6. c4 d6 7. Nc3 Qe8 8. d5 a5 9. Rb1 Bd7 10. b3 Na6 11. Be3 h6 12. a3 g5 13. b4 axb4 14. axb4 f4 15. Bd4 Qh5 16. Bxf6 Bxf6 17. Qd3 g4 18. Nd4 Qe5 19. Qg6+ Bg7 20. Be4 Rf6 21. Qh7+ Kf8 22. e3 f3 23. Bg6 Qg5 24. Bd3 Rf7 25. Ne6+ Bxe6 26. dxe6 Rf6 27. Ne4 Qe5 28. Nxf6 Qxf6 29. Qe4 c6 30. Qxg4 Nc7 1-0

[Event "EU-Cup 23rd"]
[Site "Kemer"]
[Date "2007.10.05"]
[Round "3.1"]
[White "Bayram, Yakup"]
[Black "Jelling, Erik"]
[Result "1/2-1/2"]
[WhiteElo "2350"]
[BlackElo "2388"]
[PlyCount "124"]
[EventDate "2007.10.03"]
[EventType "team-swiss"]
[EventRounds "7"]
[EventCountry "TUR"]
[SourceTitle "CBM 121"]
[Source "ChessBase"]
[SourceDate "2007.11.14"]
[SourceVersion "1"]
[SourceVersionDate "2007.11.14"]
[SourceQuality "1"]
[WhiteTeam "Tarsus Zeka"]
[BlackTeam "Aarhus"]
[WhiteTeamCountry "TUR"]
[BlackTeamCountry "DEN"]

1. d4 f5 2. Nc3 Nf6 3. Bg5 d5 4. e3 e6 5. g4 Be7 6. gxf5 exf5 7. Qf3 c6 8. h4 0-0 9. Bd3 Ne4 10. Nh3 Nd7 11. Qg2 Ndf6 12. f3 Nxc3 13. bxc3 Nh5 14. Kd2 Be6 15. Rab1 b5 16. a4 a6 17. axb5 axb5 18. Rhg1 Qd7 19. Nf4 Nxf4 20. Bxf4 Bxh4 21. Qh2 Bf6 22. Bd6 Rfe8 23. Qf4 g6 24. e4 Rad8 25. Bc5 dxe4 26. fxe4 fxe4 27. Bxe4 Bg7 28. Ra1 Bd5 29. Ra7 Qe6 30. Qc7 Rd7 31. Qxd7 Bh6+ 32. Kd1 Qxd7 33. Rxd7 Bxe4 34. Re7 Rxe7 35. Bxe7 Kf7 36. Rf1+ Ke6 37. Ba3 Bg5 38. Bc1 Bxc1 39. Kxc1 h5 40. Kd2 g5 41. Ke3 Bd5 42. Rf8 h4 43. c4 Bxc4 44. Kf3 Ke7 45. Rf5 Bd5+ 46. Kf2 g4 47. Rh5 h3 48. Kg3 Bf3 49. c3 Kd6 50. Rg5 Ke6 51. Rh5 Ke7 52. Rh6 Kd7 53. Rh7+ Kd6 54. Rh5 Kc7 55. Rh7+ Kb6 56. Rh8 Kb7 57. Rh7+ Ka6 58. Rh8 Ka5 59. Ra8+ Kb6 60. Rb8+ Kc7 61. Rh8 Kb6 62. Rb8+ Kc7 1/2-1/2

[Event "EU-Cup 22nd"]
[Site "Fuegen"]
[Date "2006.10.10"]
[Round "3.1"]
[White "Jelling, Erik"]
[Black "Jones, Richard S"]
[Result "1/2-1/2"]
[WhiteElo "2393"]
[BlackElo "2354"]
[PlyCount "34"]
[EventDate "2006.10.08"]
[EventType "team-swiss"]
[EventRounds "7"]
[EventCountry "AUT"]
[SourceTitle "CBM 115"]
[Source "ChessBase"]
[SourceDate "2006.11.15"]
[SourceVersion "1"]
[SourceVersionDate "2006.11.15"]
[SourceQuality "1"]
[WhiteTeam "Aarhus"]
[BlackTeam "Nidum Liberals"]
[WhiteTeamCountry "DEN"]
[BlackTeamCountry "WLS"]

1. d4 Nf6 2. c4 g6 3. Nc3 Bg7 4. g3 0-0 5. Bg2 d6 6. e3 e5 7. Nge2 Re8 8. 0-0 e4 9. f3 exf3 10. Bxf3 c6 11. Nf4 Bf5 12. g4 Be4 13. g5 Bxf3 14. Qxf3 Nfd7 15. h4 Qe7 16. Bd2 Na6 17. Rf2 Rf8 1/2-1/2

[Event "EU-Cup 22nd"]
[Site "Fuegen"]
[Date "2006.10.09"]
[Round "2.1"]
[White "Prusikin, Michael"]
[Black "Jelling, Erik"]
[Result "1-0"]
[WhiteElo "2560"]
[BlackElo "2393"]
[PlyCount "99"]
[EventDate "2006.10.08"]
[EventType "team-swiss"]
[EventRounds "7"]
[EventCountry "AUT"]
[SourceTitle "CBM 115"]
[Source "ChessBase"]
[SourceDate "2006.11.15"]
[SourceVersion "1"]
[SourceVersionDate "2006.11.15"]
[SourceQuality "1"]
[WhiteTeam "Wollishofen"]
[BlackTeam "Aarhus"]
[WhiteTeamCountry "SUI"]
[BlackTeamCountry "DEN"]

1. Nf3 d5 2. c4 c6 3. e3 Nf6 4. Nc3 Qb6 5. Qc2 Bg4 6. Ne5 Be6 7. cxd5 Nxd5 8. d4 Nd7 9. Nc4 Qc7 10. e4 Nxc3 11. bxc3 Bxc4 12. Bxc4 e6 13. 0-0 Be7 14. Rb1 0-0 15. Qe2 c5 16. d5 exd5 17. Bxd5 Nb6 18. c4 Bf6 19. Be3 Rfe8 20. Qc2 Rac8 21. Rfd1 Qe7 22. f3 Rc7 23. Bf2 Rec8 24. Qb3 g6 25. Rd3 Nxd5 26. Rxd5 Bd4 27. Rd1 Bxf2+ 28. Kxf2 b6 29. Qc3 Re8 30. g3 Qf8 31. R1d2 Qg7 32. e5 Qf8 33. f4 Qe7 34. Rd6 Rb7 35. Qb3 Kg7 36. Qa4 Reb8 37. Qc6 Rc7 38. Qe4 Re8 39. R2d5 b5 40. cxb5 Rec8 41. Qc4 h5 42. h4 Qe8 43. a4 Rb8 44. f5 Qc8 45. e6 fxe6 46. fxe6 Qf8+ 47. Kg2 Qf6 48. Rd7+ Rxd7 49. Rxd7+ Kh8 50. Qc1 1-0

[Event "EU-Cup 22nd"]
[Site "Fuegen"]
[Date "2006.10.08"]
[Round "1.1"]
[White "Jelling, Erik"]
[Black "Kortschnoj, Viktor Lvovich"]
[Result "0-1"]
[WhiteElo "2393"]
[BlackElo "2607"]
[PlyCount "86"]
[EventDate "2006.10.08"]
[EventType "team-swiss"]
[EventRounds "7"]
[EventCountry "AUT"]
[SourceTitle "CBM 115"]
[Source "ChessBase"]
[SourceDate "2006.11.15"]
[SourceVersion "1"]
[SourceVersionDate "2006.11.15"]
[SourceQuality "1"]
[WhiteTeam "Aarhus"]
[BlackTeam "Zuerich"]
[WhiteTeamCountry "DEN"]
[BlackTeamCountry "SUI"]

1. d4 Nf6 2. Nf3 e6 3. c3 b6 4. Bf4 Bb7 5. Nbd2 d6 6. e3 Be7 7. Bd3 Nh5 8. Bg3 Nd7 9. e4 c5 10. Qe2 cxd4 11. cxd4 Nxg3 12. hxg3 a6 13. a4 g6 14. 0-0 0-0 15. Rfc1 Nb8 16. g4 Nc6 17. Qe3 Nb4 18. g3 Rc8 19. Rc3 Rxc3 20. bxc3 Nxd3 21. Qxd3 d5 22. e5 Qc7 23. Re1 Rc8 24. Nb1 Qc4 25. Qe3 Qxa4 26. Kg2 Qc2 27. Qf4 Rf8 28. Ng5 f6 29. Nxe6 fxe5 30. Qd2 Qxd2 31. Nxd2 Rc8 32. Rxe5 Rxc3 33. Nf3 Bd6 34. Re2 Rc8 35. g5 Re8 36. Nf4 Rxe2 37. Nxe2 b5 38. Kf1 b4 39. Ke1 a5 40. Kd2 Ba6 41. Nf4 Bc4 42. Ne5 Bxe5 43. dxe5 d4 0-1

[Event "EU-Cup 19th"]
[Site "Rethymno"]
[Date "2003.10.02"]
[Round "5.4"]
[White "Relange, Eloi"]
[Black "Jelling, Erik"]
[Result "1-0"]
[WhiteElo "2513"]
[BlackElo "2400"]
[PlyCount "105"]
[EventDate "2003.09.28"]
[EventType "team-swiss"]
[EventRounds "7"]
[EventCountry "GRE"]
[SourceTitle "CBM 098"]
[Source "ChessBase"]
[SourceDate "2004.02.03"]
[SourceVersion "1"]
[SourceVersionDate "2004.02.03"]
[SourceQuality "1"]
[WhiteTeam "Clichy Echecs 92"]
[BlackTeam "Aarhus"]
[WhiteTeamCountry "FRA"]
[BlackTeamCountry "DEN"]

1. e4 c6 2. d4 d5 3. exd5 cxd5 4. c4 Nf6 5. Nc3 e6 6. cxd5 Nxd5 7. Nf3 Be7 8. Bc4 Nf6 9. 0-0 0-0 10. Re1 Nbd7 11. Bg5 Nd5 12. h4 Nxc3 13. bxc3 h6 14. Bd2 Bxh4 15. Nxh4 Qxh4 16. Re3 e5 17. Rh3 Qf6 18. Qh5 e4 19. Rg3 Kh7 20. Bd5 Nb6 21. Bxe4+ Kh8 22. Rf3 Qe6 23. Re1 Qg4 24. Rxf7 Rxf7 25. Qxf7 Be6 26. Qxb7 Bxa2 27. Bf3 Qf5 28. Re7 Rf8 29. Be3 Qb1+ 30. Kh2 Qg6 31. Qe4 Qf6 32. Rxa7 Bd5 33. Qg4 Bxf3 34. Qxf3 Qxf3 35. gxf3 Rxf3 36. Rc7 Nd5 37. Rc8+ Kh7 38. Kg2 Rf7 39. c4 Nf6 40. d5 Kg6 41. Bd4 Rd7 42. Bxf6 gxf6 43. Kf3 Kf5 44. Rh8 Ra7 45. Rxh6 Ra3+ 46. Ke2 Rc3 47. Rh5+ Kg4 48. d6 Rxc4 49. Rd5 Rc8 50. d7 Rd8 51. Ke3 f5 52. Rd6 Kg5 53. f3 1-0

[Event "EU-Cup 19th"]
[Site "Rethymno"]
[Date "2003.10.01"]
[Round "4.4"]
[White "Saunders, Robert"]
[Black "Jelling, Erik"]
[Result "1/2-1/2"]
[WhiteElo "2170"]
[BlackElo "2400"]
[PlyCount "57"]
[EventDate "2003.09.28"]
[EventType "team-swiss"]
[EventRounds "7"]
[EventCountry "GRE"]
[SourceTitle "CBM 098"]
[Source "ChessBase"]
[SourceDate "2004.02.03"]
[SourceVersion "1"]
[SourceVersionDate "2004.02.03"]
[SourceQuality "1"]
[WhiteTeam "Nidum Liberals"]
[BlackTeam "Aarhus"]
[WhiteTeamCountry "WLS"]
[BlackTeamCountry "DEN"]

1. e4 c6 2. d4 d5 3. Nd2 dxe4 4. Nxe4 Nf6 5. Nxf6+ exf6 6. Bc4 Bd6 7. Qe2+ Qe7 8. Qxe7+ Kxe7 9. Ne2 Bf5 10. c3 Nd7 11. Bf4 Be6 12. Bd3 Nb6 13. Bxd6+ Kxd6 14. Kd2 g6 15. b3 Rae8 16. c4 Nc8 17. h4 h5 18. Ng3 f5 19. Ne2 Rd8 20. Kc3 Ke7 21. Rhe1 Kf6 22. Nf4 Rd6 23. Nxe6 Rxe6 24. Rxe6+ fxe6 25. Re1 Rd8 26. f4 Ne7 27. Be2 Kf7 28. Bf3 Ng8 29. a4 1/2-1/2

[Event "DEN-chT 9798"]
[Site "Denmark"]
[Date "1998.01.11"]
[Round "4.1"]
[White "Jelling, Erik"]
[Black "Rasmussen, Karsten"]
[Result "1/2-1/2"]
[WhiteElo "2400"]
[BlackElo "2425"]
[PlyCount "56"]
[EventDate "1997.11.02"]
[EventType "team-tourn"]
[EventRounds "7"]
[EventCountry "DEN"]
[SourceTitle "EXT 2023"]
[Source "ChessBase"]
[SourceDate "2022.10.05"]
[SourceVersion "1"]
[SourceVersionDate "2022.10.05"]
[SourceQuality "1"]
[WhiteTeam "Skolerne"]
[BlackTeam "Aarhus"]
[WhiteTeamCountry "DEN"]
[BlackTeamCountry "DEN"]

1. d4 d5 2. c4 c6 3. cxd5 cxd5 4. Nf3 Nf6 5. Nc3 Nc6 6. Bf4 a6 7. e3 Bg4 8. h3 Bh5 9. Be2 e6 10. Ne5 Bxe2 11. Qxe2 Nxe5 12. Bxe5 Bd6 13. Bxd6 Qxd6 14. 0-0 0-0 15. Rac1 Rfc8 16. Rc2 Rc6 17. Rfc1 Rac8 18. Nb1 Ne4 19. f3 Ng3 20. Qd2 h5 21. Rxc6 Rxc6 22. Rxc6 Qxc6 23. Kf2 h4 24. b3 Qb5 25. Qd1 Nf5 26. Nc3 Qa5 27. Qd2 Kh7 28. Qb2 Qc7 1/2-1/2

[Event "DEN-chT 9798"]
[Site "Denmark"]
[Date "1997.11.16"]
[Round "3.1"]
[White "Greger, Roland Reinhard"]
[Black "Jelling, Erik"]
[Result "1-0"]
[WhiteElo "2310"]
[BlackElo "2400"]
[PlyCount "69"]
[EventDate "1997.11.02"]
[EventType "team-tourn"]
[EventRounds "7"]
[EventCountry "DEN"]
[SourceTitle "EXT 2023"]
[Source "ChessBase"]
[SourceDate "2022.10.05"]
[SourceVersion "1"]
[SourceVersionDate "2022.10.05"]
[SourceQuality "1"]
[WhiteTeam "Copenhagen K41"]
[BlackTeam "Skolerne"]
[WhiteTeamCountry "DEN"]
[BlackTeamCountry "DEN"]

1. e4 c6 2. d4 d5 3. e5 Bf5 4. Nc3 Qb6 5. Bd3 Bxd3 6. Qxd3 e6 7. Nge2 Ne7 8. 0-0 Nd7 9. a4 a6 10. b3 c5 11. a5 Qc7 12. f4 Nc6 13. Ba3 g6 14. dxc5 Nxc5 15. Qe3 Nxa5 16. Nd4 0-0-0 17. Rfd1 Nc6 18. b4 Nxd4 19. Qxd4 Nd7 20. b5 a5 21. Bxf8 Rhxf8 22. Na4 b6 23. Rd3 Nc5 24. Rc3 Kb7 25. Rxc5 bxc5 26. Nxc5+ Kc8 27. Ra3 Qb6 28. Rc3 Qxb5 29. Na6+ Qc4 30. Rxc4+ dxc4 31. Qb6 Rd1+ 32. Kf2 Kd7 33. Nc5+ Ke7 34. Qc7+ Ke8 35. Ne4 1-0

[Event "DEN-chT 9798"]
[Site "Denmark"]
[Date "1997.11.15"]
[Round "2.1"]
[White "Jelling, Erik"]
[Black "Hamann, Svend"]
[Result "1/2-1/2"]
[WhiteElo "2400"]
[BlackElo "2375"]
[PlyCount "100"]
[EventDate "1997.11.02"]
[EventType "team-tourn"]
[EventRounds "7"]
[EventCountry "DEN"]
[SourceTitle "EXT 2023"]
[Source "ChessBase"]
[SourceDate "2022.10.05"]
[SourceVersion "1"]
[SourceVersionDate "2022.10.05"]
[SourceQuality "1"]
[WhiteTeam "Skolerne"]
[BlackTeam "Frederiksberg"]
[WhiteTeamCountry "DEN"]
[BlackTeamCountry "DEN"]

1. d4 Nf6 2. c4 e6 3. Nc3 Bb4 4. e3 b6 5. Nge2 Ba6 6. a3 Bxc3+ 7. Nxc3 d5 8. b3 0-0 9. Be2 Nc6 10. a4 dxc4 11. bxc4 Qd7 12. 0-0 e5 13. dxe5 Nxe5 14. Qxd7 Nexd7 15. Nb5 Rfc8 16. Bf3 c6 17. Nd6 Rc7 18. Bb2 Ne8 19. Rfd1 Nxd6 20. Rxd6 Bb7 21. a5 Re8 22. axb6 Nxb6 23. Be2 Nc8 24. Rd2 c5 25. Ra5 f6 26. Bh5 g6 27. Bg4 Kf7 28. Ba3 h5 29. Be2 Re5 30. Rd8 a6 31. Rd3 Nb6 32. Rb3 Nd7 33. f4 Re6 34. Kf2 Be4 35. g3 Rd6 36. h3 f5 37. Bb2 Ke6 38. g4 hxg4 39. hxg4 Rb7 40. Rxb7 Bxb7 41. Ba3 Rd2 42. gxf5+ gxf5 43. Bxc5 Nxc5 44. Rxc5 Be4 45. Re5+ Kf6 46. Ke1 Ra2 47. c5 Ra1+ 48. Kd2 Ra2+ 49. Kd1 Ra1+ 50. Kd2 Ra2+ 1/2-1/2

[Event "DEN-chT 9697"]
[Site "Denmark"]
[Date "1997.03.16"]
[Round "7.1"]
[White "Danielsen, Henrik"]
[Black "Jelling, Erik"]
[Result "0-1"]
[WhiteElo "2495"]
[BlackElo "2415"]
[PlyCount "178"]
[EventDate "1996.11.03"]
[EventType "team-tourn"]
[EventRounds "7"]
[EventCountry "DEN"]
[SourceTitle "EXT 2023"]
[Source "ChessBase"]
[SourceDate "2022.10.05"]
[SourceVersion "1"]
[SourceVersionDate "2022.10.05"]
[SourceQuality "1"]
[WhiteTeam "Copenhagen K41"]
[BlackTeam "Skolerne"]
[WhiteTeamCountry "DEN"]
[BlackTeamCountry "DEN"]

1. f4 d5 2. d3 c5 3. Nf3 Nc6 4. g3 g6 5. Bg2 Bg7 6. 0-0 Nf6 7. Nc3 d4 8. Na4 Nd7 9. c4 Qc7 10. e4 0-0 11. Bd2 b6 12. Qe1 Ba6 13. b3 Rae8 14. e5 f5 15. g4 e6 16. Qh4 Bb7 17. gxf5 gxf5 18. Kf2 Qd8 19. Rg1 Qxh4+ 20. Nxh4 Nd8 21. b4 Bc6 22. Bxc6 Nxc6 23. a3 Rb8 24. Nf3 h6 25. Rab1 Kf7 26. Ke2 Rfc8 27. Nb2 Bf8 28. b5 Ne7 29. Nd1 a6 30. bxa6 Ra8 31. Nf2 Rxa6 32. Bc1 Nc6 33. Nh1 Be7 34. Ng3 Raa8 35. Nh5 Rg8 36. Bd2 Rxg1 37. Rxg1 Rg8 38. Rxg8 Kxg8 39. Kd1 Kf7 40. Kc2 Kg6 41. Ng3 Ndb8 42. Be1 Na6 43. Ne2 Kh5 44. h3 Nc7 45. Ng3+ Kg6 46. h4 Kf7 47. h5 Ne8 48. Kb3 Ng7 49. Ka4 Na7 50. Bd2 Bd8 51. Kb3 Nc6 52. Ka4 Na7 53. Ng5+ Ke7 54. Be1 Ne8 55. Bd2 Ng7 56. Bc1 Ne8 57. Nf3 Kf7 58. Bd2 Ng7 59. Be1 Be7 60. Kb3 Nc6 61. Kc2 Bd8 62. Kd1 Be7 63. Bd2 Bd8 64. Ke2 Be7 65. Kf2 Bd8 66. Kg2 Be7 67. Kh3 Bd8 68. Ng1 Bc7 69. N1e2 Bd8 70. Nc1 Ne8 71. Nb3 Nc7 72. Ne2 Na6 73. Be1 Ke8 74. Kg2 Kd7 75. Ng1 Nc7 76. Kh3 Ne8 77. Ne2 Ng7 78. Ng3 Be7 79. a4 Kc7 80. a5 bxa5 81. Nxa5 Nxa5 82. Bxa5+ Kc6 83. Be1 Kb6 84. Bd2 Ka6 85. Be1 Bd8 86. Bd2 Ba5 87. Bc1 Bb4 88. Kg2 Ka5 89. Kf2 Ka4 0-1

[Event "DEN-chT 9697"]
[Site "Denmark"]
[Date "1997.03.15"]
[Round "6.1"]
[White "Jelling, Erik"]
[Black "Hansen, Lars Bo"]
[Result "1/2-1/2"]
[WhiteElo "2415"]
[BlackElo "2550"]
[PlyCount "90"]
[EventDate "1996.11.03"]
[EventType "team-tourn"]
[EventRounds "7"]
[EventCountry "DEN"]
[SourceTitle "EXT 2023"]
[Source "ChessBase"]
[SourceDate "2022.10.05"]
[SourceVersion "1"]
[SourceVersionDate "2022.10.05"]
[SourceQuality "1"]
[WhiteTeam "Skolerne"]
[BlackTeam "Copenhagen 34"]
[WhiteTeamCountry "DEN"]
[BlackTeamCountry "DEN"]

1. d4 e6 2. c4 Bb4+ 3. Bd2 a5 4. Nf3 d6 5. g3 Nc6 6. Bg2 e5 7. 0-0 exd4 8. Nxd4 Nxd4 9. Bxb4 axb4 10. Qxd4 Nf6 11. Nd2 0-0 12. Ne4 Nxe4 13. Bxe4 Re8 14. Bf3 Qg5 15. Rfd1 Ra5 16. Rd2 h5 17. h4 Qg6 18. b3 Rae5 19. e3 b6 20. Bc6 R8e7 21. a3 bxa3 22. Rxa3 Bf5 23. Kh2 Kh7 24. Ra8 Bc2 25. Qc3 Be4 26. Bxe4 Rxe4 27. Rd5 R4e5 28. Rd4 b5 29. Qd3 Rf5 30. Kg2 bxc4 31. bxc4 Re6 32. Ra7 c5 33. Rd5 Rxd5 34. Qxd5 Rf6 35. Re7 Rxf2+ 36. Kxf2 Qf6+ 37. Ke2 Qxe7 38. Qxh5+ Kg8 39. Qd5 g6 40. h5 gxh5 41. Qxh5 Qe4 42. Qg5+ Kf8 43. Qd8+ Kg7 44. Qg5+ Kf8 45. Qd8+ Kg7 1/2-1/2

[Event "DEN-chT 9697"]
[Site "Denmark"]
[Date "1996.11.03"]
[Round "1.1"]
[White "Schandorff, Lars"]
[Black "Jelling, Erik"]
[Result "1-0"]
[WhiteElo "2495"]
[BlackElo "2415"]
[PlyCount "119"]
[EventDate "1996.11.03"]
[EventType "team-tourn"]
[EventRounds "7"]
[EventCountry "DEN"]
[SourceTitle "EXT 2023"]
[Source "ChessBase"]
[SourceDate "2022.10.05"]
[SourceVersion "1"]
[SourceVersionDate "2022.10.05"]
[SourceQuality "1"]
[WhiteTeam "Sydostfyn"]
[BlackTeam "Skolerne"]
[WhiteTeamCountry "DEN"]
[BlackTeamCountry "DEN"]

1. d4 d5 2. c4 c6 3. Nf3 Nf6 4. Nc3 dxc4 5. a4 Bf5 6. Ne5 e6 7. f3 Bb4 8. e4 Bxe4 9. fxe4 Nxe4 10. Bd2 Qxd4 11. Nxe4 Qxe4+ 12. Qe2 Bxd2+ 13. Kxd2 Qd5+ 14. Kc2 Na6 15. Nxc4 0-0-0 16. Qe3 c5 17. Kb3 Nb4 18. Rc1 Nc6 19. Ka3 Kb8 20. Qg3+ e5 21. Qxg7 f5 22. Qg3 Rhg8 23. Qc3 Nd4 24. Na5 Rg6 25. Nb3 b6 26. Nxd4 exd4 27. Qb3 d3 28. Qxd5 Rxd5 29. Kb3 Rg4 30. Rd1 c4+ 31. Kc3 b5 32. b3 cxb3 33. axb5 Rxb5 34. Bxd3 Rc5+ 35. Kxb3 Rxg2 36. Rdf1 Rg5 37. Rf3 Rg6 38. Kb4 Re5 39. Rxf5 Rg4+ 40. Kc3 Rxf5 41. Bxf5 Rh4 42. h3 Kc7 43. Kd3 Kd6 44. Ke3 Ke5 45. Bg4 Rh6 46. Ra1 Rb6 47. Rxa7 h6 48. Rh7 Rb3+ 49. Kf2 Kf4 50. Rxh6 Kg5 51. Ra6 Rc3 52. Bf3 Kf4 53. Ra4+ Kg5 54. Kg3 Rd3 55. Ra6 Rb3 56. h4+ Kf5 57. h5 Kg5 58. h6 Rb8 59. h7 Rh8 60. Be4 1-0

[Event "Politiken Cup 18th"]
[Site "Copenhagen"]
[Date "1996.??.??"]
[Round "10"]
[White "Jelling, Erik"]
[Black "Bank, Pelle Rodkjaer"]
[Result "1-0"]
[WhiteElo "2415"]
[BlackElo "2230"]
[PlyCount "25"]
[EventDate "1996.06.??"]
[EventType "swiss"]
[EventRounds "11"]
[EventCountry "DEN"]
[SourceTitle "CBM 054 Extra"]
[Source "ChessBase"]
[SourceDate "1996.11.01"]
[SourceVersion "1"]
[SourceVersionDate "1996.11.01"]
[SourceQuality "1"]

1. d4 g6 2. Nf3 Bg7 3. c4 c5 4. d5 d6 5. Nc3 Bxc3+ 6. bxc3 f5 7. Qa4+ Bd7 8. Qb3 Qa5 9. Nd2 Nf6 10. Qxb7 0-0 11. Qxa8 Na6 12. Qxa7 Ba4 13. Bb2 1-0